Statistics for Spain National Football Team 2015

Click here to take the quiz!

General Stats

  • This quiz has been taken 190 times
  • The average score is 19 of 36

Answer Stats

PlayerPostClubTime Played% Correct
Gérard PiquéDFFC Barcelona641'
98%
David De GeaGKManchester United360'
93%
Sergio RamosDFReal Madrid530'
93%
Iker CasillasGKReal Madrid / Porto450'
92%
Andrès IniestaMFFC Barcelona230'
91%
Cesc FabregasMFChelsea559'
89%
Jordi AlbaDFFC Barcelona454'
89%
David SilvaMFManchester City442'
88%
Sergio BusquetsMFFC Barcelona549'
86%
Diego CostaSTChelsea200'
79%
Alvaro MorataSTJuventus216'
77%
PedroSTFC Barcelona / Chelsea332'
74%
Dani CarvajalDFReal Madrid270'
72%
Santi CazorlaMFArsenal457'
72%
Juan MataMFManchester United221'
70%
KokeMFAtletico188'
70%
JuanfranDFAtletico360'
67%
IscoMFReal Madrid325'
65%
Thiago AlcantaraMFBayern117'
62%
César AzpilicuetaDFChelsea98'
58%
Raul AlbiolDFSSC Napoli90'
52%
Nacho FernandezDFReal Madrid90'
44%
Juan BernatDFBayern286'
40%
NolitoSTCelta Vigo192'
37%
Paco AlcacerSTValencia CF346'
37%
Marc BartraDFFC Barcelona172'
27%
Sergio RicoGKFC Sevilla0'
25%
Sergio AsenjoGKVillarreal CF0'
19%
Mikel San JoséDFAthletic Bilbao185'
15%
Victor VitoloMFFC Sevilla115'
12%
Aleix VidalDFFC Barcelona45'
9%
Mario SuarezMFAtletico68'
8%
Mario GasparMFVillarreal CF180'
6%
Juanmi JimenezSTMalaga62'
3%
Xabier EtxeitaDFAthletic Bilbao90'
3%
Oscar de MarcosDFAthletic Bilbao0'
0%

Score Distribution

Percentile by Number Answered

Percent of People with Each Score

Your Score History

You have not taken this quiz